| 000 | 00921nam a2200301 a 4500 | ||
|---|---|---|---|
| 001 | vtls000196738 | ||
| 003 | NLI | ||
| 005 | 20210602113033.0 | ||
| 008 | 101125s1964 enk 000 1 eng | ||
| 020 | _cPND 3.50 | ||
| 039 | 9 |
_y201011252326 _zVLOAD |
|
| 040 | 0 |
_aNLI _beng _cVERGIS-2010 _eAACR2 |
|
| 041 | 0 | _aeng | |
| 044 | _aenk | ||
| 082 | 0 | 4 | _a823.91 |
| 100 | 1 |
_aSnow, C. P. _q(Charles Percy), _d1905-1980 _9372724 |
|
| 245 | 1 | 0 |
_aCorridors of power / _cC. P. Snow |
| 260 |
_aLondon : _bMacmillan, _c1964 |
||
| 300 |
_a408 p. ; _c22 cm. |
||
| 440 | 0 |
_aHis Strangers and brothers ; $vno. 9 _9374474 |
|
| 650 | 0 |
_aEnglish fiction _9103 |
|
| 887 | _a | ||
| 901 |
_a368175 _b23.11.1964 |
||
| 902 | _aE 823.91 Sn 61 co | ||
| 942 |
_2ddc _cBKS |
||
| 949 |
_AVIRTUAITEM _D10000 _X100 _6PUR000368175ENG |
||
| 999 |
_aVIRTUA40 _c200098 _d200098 |
||
| 999 | _aVTLSSORT0080*0200*0400*0410*0440*0820*1000*2450*2600*3000*4400*6500*9010*9020*9490*9991 | ||